| 000 | 00619nam a2200205Ia 4500 | ||
|---|---|---|---|
| 008 | 240729s9999 xx 000 0 und d | ||
| 022 | _a2752-3551 | ||
| 245 | 0 | _aEmerging Media | |
| 260 | _aUnited Kingdom | ||
| 260 | _bSAGE Publishing | ||
| 650 | _a Communication. Mass media | Technology | ||
| 650 | _a Industrial engineering. Management engineering | ||
| 650 | _a Information technology | ||
| 650 | _a Philology. Linguistics | ||
| 650 | _a Technology (General) | ||
| 650 | _aLanguage and Literature | ||
| 856 | _uhttps://doaj.org/toc/7d3312ee5be04f9ea8969bd81aa86dcd | ||
| 942 | _2ddc | ||
| 942 | _cDOAJEJ | ||
| 999 |
_c74849 _d74849 |
||
| 945 |
_a1 _bMadushi Gamage _c1 _dMadushi Gamage |
||